书目信息 |
| 题名: |
京剧著名唱腔选
|
|
| 作者: | 吴春礼 , 张建民 , 孙以森 编著 | |
| 分册: | 下集 | |
| 出版信息: | 北京 人民音乐出版社 1985.08 |
|
| 页数: | 443页 | |
| 开本: | 19cm | |
| 丛书名: | ||
| 单 册: | ||
| 中图分类: | J643.1 | |
| 科图分类: | ||
| 主题词: | 京剧--jing ju--戏曲音乐--乐谱 | |
| 电子资源: | ||
| ISBN: | 7-103-00700-4 | |
| 000 | 00935nam0 2200265 450 | |
| 001 | 012007908795 | |
| 005 | 20070930113357.26 | |
| 010 | @a7-103-00700-4@dCNY18.00 | |
| 100 | @a20070805d1985 km y0chiy0120 ea | |
| 101 | 0 | @achi |
| 102 | @aCN@b110000 | |
| 105 | @ay z 000yy | |
| 200 | 1 | @a京剧著名唱腔选@Ajing ju zhu ming chang qiang xuan@h下集@f孙以森 ... [等] 编著@Fsun yi sen...[deng]bian zhu |
| 210 | @a北京@c人民音乐出版社@d1985.08 | |
| 215 | @a443页@d19cm | |
| 304 | @a题名页题 : 孙以森, 吴春礼, 张建民, 常静之编著 | |
| 307 | @a2005年第8次印刷。 | |
| 330 | @a本书编选了我国著名老、中、青几代京剧演员中有代表性,并在群众中有影响的唱段,每段均有文字介绍。共分上、中、下三集。 | |
| 606 | 0 | @a京剧@Ajing ju@x戏曲音乐@x乐谱 |
| 690 | @aJ643.1@v4 | |
| 701 | 0 | @a吴春礼@Awu chun li@4编著 |
| 701 | 0 | @a张建民@Azhang jian min@4编著 |
| 701 | 0 | @a孙以森@Asun yi sen@4编著 |
| 801 | 0 | @aCN@c20070930 |
| 905 | @dJ643.1@eS976:2 | |
| 京剧著名唱腔选.下集/孙以森 ... [等] 编著.-北京:人民音乐出版社,1985.08 |
| 443页;19cm |
| ISBN 7-103-00700-4:CNY18.00 |
| 本书编选了我国著名老、中、青几代京剧演员中有代表性,并在群众中有影响的唱段,每段均有文字介绍。共分上、中、下三集。 |
| ● |
| 相关链接 |
|
|
|
正题名:京剧著名唱腔选
索取号:J643.1/S976:2
 
预约/预借
| 序号 | 登录号 | 条形码 | 馆藏地/架位号 | 状态 | 备注 |
| 1 | 256183 | 202561833 | 社科库309/309社科库 93排4列5层/ [索取号:J643.1/S976:2] | 在馆 | |
| 2 | 256184 | 202561842 | 社科库309/309社科库 93排4列5层/ [索取号:J643.1/S976:2] | 在馆 | |
| 3 | 256185 | 202561851 | 社科库309/309社科库 93排4列5层/ [索取号:J643.1/S976:2] | 在馆 |